000 00550 a2200193 4500
005 20240814130057.0
008 240814b |||||||| |||| 00| 0 eng d
020 _a9789390680719
_cRs. 2850.00
040 _aMAIN
082 _a370.1
_bM765P
100 _aMontessori, Maria
245 _aPedagogical anthropology
260 _bHilltop Publications
_c2023
_aJaipur
300 _aviii, 418
650 _aEducation
650 _aEducation- Biological, Social and Cultural Aspects of Humans
700 _aCooper, Frederic Taber, tr.
942 _cBK
999 _c312167
_d312167